Manual de oralidad para jueces (Registro nro. 7024)
[ vista simple ]
| 000 -Cabecera | |
|---|---|
| Campo de control de longitud fija | 00700aam a2200277 4500 |
| 005 - Fecha y hora de la última transacción | |
| Campo de control | 20250819182529.0 |
| 008 - Elementos de longitud fija--Información general | |
| Campo de control de longitud fija | 150730b2006 xxu||||| |||| 00| 0 spa d |
| 020 ## - International Standard Book Number | |
| Número Internacional Estándar del Libro (ISBN) | 978968792357 |
| 041 ## - Idioma | |
| Código de idioma | Español |
| 082 ## - Clasificación Decimal Dewey | |
| Número de clasificación | 345.05 Q8m |
| 100 ## - Entrada principal--Autor personal | |
| Nombre personal | Quirós Camacho, Jenny |
| 9 (RLIN) | 39718 |
| 245 ## - Título propiamente dicho | |
| Título | Manual de oralidad para jueces |
| 260 ## - Pie de imprenta | |
| Lugar de publicación, distribución, etc. | Costa Rica |
| 260 ## - Pie de imprenta | |
| Nombre del editor, distribuidor, etc. | CONAMAJ |
| 260 ## - Pie de imprenta | |
| Fecha de publicación, distribución, etc. | 2006 |
| 300 ## - Descripción física | |
| Extensión | 143 páginas |
| 490 ## - Serie | |
| Título de la Serie | Investigación Criminal |
| 650 ## - Materia general | |
| Temática (materia general) | DERECHO PENAL |
| 650 ## - Materia general | |
| Temática (materia general) | DERECHO PROCESAL |
| 650 ## - Materia general | |
| Temática (materia general) | COSTA RICA |
| 650 ## - Materia general | |
| Temática (materia general) | ORALIDAD DEL PROCESO |
| 650 ## - Materia general | |
| Temática (materia general) | PRINCIPIOS DE ORALIDAD |
| 650 ## - Materia general | |
| Temática (materia general) | JUEZ PENAL |
| 650 ## - Materia general | |
| Temática (materia general) | PODER JUDICIAL |
| 942 ## - Punto de acceso adicional KOHA | |
| Tipo de ítem KOHA | Libro |
| Fuente del sistema de clasificación o colocación | Dewey Decimal Classification |
| Signatura completa | Código de barras | Programa Académico | Tipo de ítem |
|---|---|---|---|
| 345.05 Q8m | 12174 | Investigación Criminal | Libro |